| 000 | 00980cam a22003014a 4500 | ||
|---|---|---|---|
| 001 | 12017477 | ||
| 003 | OSt | ||
| 005 | 20180321132611.0 | ||
| 008 | 000523s2001 paua b 001 0 eng c | ||
| 010 | _a 00042418 | ||
| 020 | _a0781722187 | ||
| 035 | _a(DNLM)100956054 | ||
| 040 |
_aDNLM/DLC _cDLC _dDLC |
||
| 042 | _apcc | ||
| 082 | 0 | 0 |
_aWA 950 _bD49 2001 |
| 100 |
_aHulley, Stephen B. [et...al] _912554 |
||
| 245 | 0 | 0 |
_aDesigning Clinical Research: _ban epidemiologic approach |
| 250 | _a2nd ed. | ||
| 260 |
_aPhiladelphia; _bLippincott Williams & Wilkins, _c2001. |
||
| 300 |
_axv, 336 p. : _bill. ; _c26 cm. |
||
| 504 | _aIncludes bibliographical references and index. | ||
| 650 | 0 |
_aClinical trials _99866 |
|
| 650 | 0 |
_aResearch methods _99867 |
|
| 856 | 4 | 2 |
_3Publisher description _uhttp://www.loc.gov/catdir/enhancements/fy0711/00042418-d.html |
| 906 |
_a7 _bcbc _corignew _d1 _eocip _f19 _gy-gencatlg |
||
| 942 |
_2z _cO_SHELF |
||
| 999 |
_c4598 _d4598 |
||